By the Numbers #20 - Statistics

General Stats
  • This quiz has been taken 71 times
  • The average score is 10 of 20
Answer Stats
Hint Explanation Answer % Correct
366 6
91%
James Bond without leading zeroes 7
91%
MCCCXXIII 1323
89%
600 * 0.25 150
84%
Amendment to the U.S. Constitution that guarantees the right to keep and bear arms 2
76%
Answer to the ultimate question of life, the universe, and everything, according to The Hitchhiker’s Guide to the Galaxy 42
62%
Number of US states whose name begins with “B” 0
58%
Number of bits in a byte 8
53%
Number of US state capitals whose names begin with “B” Baton Rouge, LA; Bismarck, ND; Boise, ID; Boston, MA 4
51%
Numeric part of Sherlock Holmes’ Baker Street address 221
49%
Mockingbird Lane address of The Munsters in the 1964-1966 U.S. sitcom starring Fred Gwynne and Yvonne De Carlo 1313
44%
Order number of Operation Knightfall famously issued in Star Wars: Revenge of the Sith 66
40%
The speed (in miles per hour) at which Doc Brown’s DeLorean Time Machine blasts off in Back to the Future 88
40%
Number on the red-striped pool ball in a traditional set 11
33%
Atomic number of the element fluorine 9
29%
Agent number of Maxwell Smart’s partner in Get Smart 99
24%
Number of countries whose name begins with “B” Bahamas, Bahrain, Bangladesh, Barbados, Belarus, Belgium, Belize, Benin, Bhutan, Bolivia, Bosnia and Herzegovina, Botswana, Brazil, Brunei, Bulgaria, Burkina Faso, Burundi 17
22%
Cemetery Lane address of The Addams Family in the 1964-1966 TV series starring John Astin and Carolyn Jones 0001
16%
Number of countries with at least one capital whose name begins with “B” - Baghdad, Iraq; Baku, Azerbaijan; Bamako, Mali; Bandar Seri Begawan, Brunei; Bangkok, Thailand
- Bangui, Central African Republic; Banjul, Gambia; Basseterre, Saint Kitts and Nevis; Beijing, China; Beirut, Lebanon
- Belgrade, Serbia; Belmopan, Belize; Berlin, Germany; Bern, Switzerland (de facto); Bishkek, Kyrgyzstan
- Bissau, Guinea-Bissau; Bloemfontein, South Africa (judicial); Bogotá, Colombia; Brasília, Brazil; Bratislava, Slovakia
- Brazzaville, R. Congo; Bridgetown, Barbados; Brussels, Belgium; Bucharest, Romania; Budapest, Hungary
- Buenos Aires, Argentina; Bujumbura, Burundi (de facto)
27
13%
Maxwell Smart’s agent number in Get Smart 86
9%
No matching quizzes found
Score Distribution
Percent of People with Each Score
Percentile by Number Answered
Your Score History
You have not taken this quiz